JLL 50 centres office rents (Record no. 105746)
[ view plain ]
| 000 -LEADER | |
|---|---|
| fixed length control field | 01149cam a2200229 4500 |
| 001 - CONTROL NUMBER | |
| control field | ##L134612 |
| 008 - FIXED-LENGTH DATA ELEMENTS--GENERAL INFORMATION | |
| fixed length control field | 060818n2006 000 0 eng u |
| 035 ## - SYSTEM CONTROL NUMBER | |
| System control number | (Sirsi) u134612 |
| 041 0# - LANGUAGE CODE | |
| Language code of text/sound track or separate title | eng |
| 050 04 - LIBRARY OF CONGRESS CALL NUMBER | |
| Classification number | 333.33016 $2 18 |
| 110 2# - MAIN ENTRY--CORPORATE NAME | |
| Corporate name or jurisdiction name as entry element | Jones Lang LaSalle |
| 9 (RLIN) | 3755 |
| 245 00 - TITLE STATEMENT | |
| Title | JLL 50 centres office rents |
| Remainder of title | first quarter 2006 |
| 260 ## - PUBLICATION, DISTRIBUTION, ETC. | |
| Place of publication, distribution, etc. | London |
| Name of publisher, distributor, etc. | JLL |
| Date of publication, distribution, etc. | 2006 |
| 490 #0 - SERIES STATEMENT | |
| Series statement | JLL 50 Centres Office Rents |
| Volume/sequential designation | first quarter 2006 |
| 520 ## - SUMMARY, ETC. | |
| Summary, etc. | Reports that across the UK, achieved rents have increased by 1.3% over the last six months compared to -0.7% in the same period last year. This provides clear evidence of a recovery in the office market. This report provides comparisons of the prime office rents achieved and rental levels currently achievable in the major towns and cities of England, Wales and Scotland. Tables and graphs. |
| 590 ## - LOCAL NOTE (RLIN) | |
| Local note | IKA220806 NTK |
| 650 24 - SUBJECT ADDED ENTRY--TOPICAL TERM | |
| Topical term or geographic name entry element | JLL 50 CENTRES OFFICE RENTS |
| 651 #4 - SUBJECT ADDED ENTRY--GEOGRAPHIC NAME | |
| Geographic name | GREAT BRITAIN |
| 690 ## - LOCAL SUBJECT ADDED ENTRY--TOPICAL TERM (OCLC, RLIN) | |
| Topical term or geographic name as entry element | PROPERTY-COMMERCIAL PROPERTY-OFFICE PROPERTY |
| 856 40 - ELECTRONIC LOCATION AND ACCESS | |
| Uniform Resource Identifier | <a href="https://www.joneslanglasalle.co.uk/">https://www.joneslanglasalle.co.uk/</a> |
| Public note | View the item free of charge (registration required) at www.joneslanglasalle.co.uk... |
| 942 ## - ADDED ENTRY ELEMENTS (KOHA) | |
| Suppress in OPAC | 0 |
| Withdrawn status | Lost status | Source of classification or shelving scheme | Damaged status | Not for loan | Home library | Current library | Shelving location | Date acquired | Total Checkouts | Full call number | Barcode | Date last seen | Copy number | Price effective from | Koha item type |
|---|---|---|---|---|---|---|---|---|---|---|---|---|---|---|---|
| Dewey Decimal Classification | Virtual | Virtual | Online | 18/08/2006 | ONLINE PUBLICATION | 134612-1001 | 06/08/2019 | 1 | 06/08/2019 | Book |